000 00622nmm a2200241 a 4500
003 AR-BaBNM
005 20251128211427.0
008 304020s1998 ||||||||||||||000 | spa||
020 _a950-9385-65-4
040 _cAR-BaBNM
100 1 _aDromi, José Roberto
245 1 0 _aRenegociación y reconversión de los contratos públicos
260 _aBuenos Aires
_bCiudad Argentina
_c1998
300 0 _a206 p.
650 4 _aESTADO
650 4 _aREFORMA POLITICA
650 4 _aDERECHO ADMINISTRATIVO
650 4 _aSUBSIDIOS
650 4 _aCONTRATOS
653 0 _aPRIVATIZACIONES
942 _cBK
998 _cMariana
999 _c19642
_d19642